1264 1248 1441 1135 1033 1006 1793 1931 1354 1970 1544 1898 1445 1602 1363 1930 1474 1916 1141 1598 1743 1843 1968 1038 1513 1547 1009 1901 1840 1202 1556 1829 1310 1946 1796 1626 1147 1074 1242 1437 1120 1813 1429 1585 1216 1470 1920 1803 1043 1681 1291 1377 1776 1554 1564 1773 1975 1816 1299 1671 1188 1287 1440 1336 1838 1322 1323 1567 1149 1116 1111 1398 1476 1489 1615 1290 1300 1910 1668 1223 1263 1634 1243 1686 1322 1107 1692 1520 1719 1944 1167 1136 1812 1207 1291 1985 1976 1141 1819 BCNSPRNW ULIB Ver.6.0+V

เปลี่ยนเป็นภาษาไทย

Change to English
 แสดงรายละเอียดบรรณานุกรม
  กลับหน้าหลัก

Brief Record : Get Marc (ISO 2709) : E-mail record : QR code < ปิดหน้าต่าง
LEADER : 00000nam 2200000uu 4500
001    13399122972
003     ULIB
008    131118s2556||||th 000 0 tha d
020    ^a978160608263
090    ^aนว.^bถ315ป
100 0  ^aถังอิน
245 00 ^aแรกพบจรดใจรัก/^cผู้เขียน ถังอิน แปลโดย Honey Toast
250    ^aพิมพ์ครั้งที่ 2
260    ^aกรุงเทพฯ:^bแจ่มใส, 2556
300    ^a234 หน้า
945    ^p159^l0^i034165
999    ^aเกษร โพธิ์สุวรรณ
รายการนี้ยังไม่มีแท็ก
คุณยังไม่ได้ล็อกอิน คุณสามารถมีกิจกรรมร่วมกับเว็บไซต์ได้ แต่ต้องล็อกอินก่อน ::
  ล็อกอิน

รายการสื่อสารสนเทศ

ลำดับที่ ประเภท เลขเรียก/บาร์โค้ด สถานที่ สถานะ
1. นวนิยาย
นวนิยาย
นว. ถ315ป  
  Barcode: 034165
ห้องสมุดวิทยาเขตสวรรค์ประชารักษ์
►นวนิยาย
บนชั้น
  ขอยืม
Note:อ.จุฑารัตน์ สว่างชัย บริจาค

BibComment


ยังไม่เคยถูกคอมเมนท์

คอมเมนท์ทรัพยากรรายการนี้
  คอมเมนท์: แรกพบจรดใจรัก ผู..


 Copyright 2026. Bcnsprnw @Library